10 Busiest Container Ports in USA - Statistics

General Stats
  • This quiz has been taken 91 times
  • The average score is 7 of 10
Answer Stats
TEU in 2020 Answer % Correct
9.2 million Los Angeles
100%
7.5 million New York
99%
1 million Miami
93%
3.3 million Seattle
90%
2.9 million Houston
85%
8.1 million Long Beach
56%
2.4 million Oakland
51%
4.6 million Savannah
49%
2.8 million Virginia
44%
2.3 million South Carolina
12%
No matching quizzes found
Score Distribution
Percent of People with Each Score
Percentile by Number Answered
Your Score History
You have not taken this quiz